000
00302nam a2200121Ia 4500
008
240624s9999 xx 000 0 und d
041
_a
eng
082
_a
025.431 DEW
100
_a
DEWEY MELVIL
245
_a
DEWEY DECIMAL CLASSIFICATION AND RELATIVE INDEX R
260
_c
2003
_a
Ohio
_b
OCLC
300
_a
928
999
_c
1323
_d
1323